| 000 | 00528nam a22001817a 4500 | ||
|---|---|---|---|
| 999 |
_c167337 _d167337 |
||
| 010 | _aENG-126341 | ||
| 020 |
_a978-93-86191-29-8 _c450.00 |
||
| 035 | _aEN-109873 | ||
| 037 | _aDBAD/PUB | ||
| 082 | _aN | ||
| 100 | _aVajpayee,Madhu | ||
| 245 |
_aI Owed You One/ _cBy Madhu vajpayee |
||
| 260 |
_bPublished By LiFi _c2018 _aDelhi |
||
| 270 |
_a211, 2nd Floor, Gangandeep 12,Rajendra Place _bDelhi _e110008 _minfo@lifipublications.com |
||
| 300 |
_a258p. _b20cm.(hb) |
||
| 650 | _aEnglish Novel | ||
| 942 |
_2ddc _cEN _hN _mVAJ |
||